| 000 | 02001nam a2200349 i 4500 | ||
|---|---|---|---|
| 001 | 000026630 | ||
| 003 | DO-SdBNP | ||
| 005 | 20260516003557.0 | ||
| 007 | ta | ||
| 008 | 110324s1976 dr a 000 0 spa d | ||
| 040 |
_aDO-SdBNP _bspa _cBNPHU _erda |
||
| 041 | _aspa | ||
| 082 | 4 |
_a972.93052 _bD637g _222 |
|
| 100 | 1 |
_aDucoudray, Félix Servio, _d1924-1989, _eautor _4aut. _953735 |
|
| 245 | 1 | 4 |
_aLos "gavilleros" del este una epopeya calumniada / _cFélix Servio Docoudray. |
| 264 | 4 |
_aSanto Domingo, República Dominicana : _bEditora Cultural Dominicana, _c©1976. |
|
| 300 |
_a104 páginas : _bilustraciones ; _c21 cm. |
||
| 336 |
_atexto _btxt _2rdacontent |
||
| 337 |
_asin mediación _bn _2rdamedia |
||
| 338 |
_avolumen _bnc _2rdacarrier |
||
| 490 | 1 |
_aPublicaciones de la Universidad Autónoma de Santo Domingo; _v195 |
|
| 490 | 1 |
_aHistoria y sociedad; _v23 |
|
| 505 | 0 |
_aPresentación -- _tUna epopeya calumniada -- _tNo olvidemos el 1916 -- _tLa cédula que implantaron los yanquis -- _tEl modo de vida americano -- _t"!Que blancos tan salvajes¡" -- _tUna vieja infamia del Central Romana -- _t¿Eran bandidos los "gavilleros"? -- _tLa guerra de los pedaneos -- _tLa otra cara de la guerrilla -- _tRamón Natera -- _tLa emboscada del posta -- _tUna entrevista con Ramón Batia, guerrillero de 1916 -- _tDemografía guerrilera del 1916 y un pedido a los vivos -- _tMovilis Gil, guerrillero haitiano de 1916 -- _tLos complices del invasor -- _tCabo Gil se presentará mañana a las autoridades del Seibo -- _tAnónimo dominicano. |
|
| 590 | _aInventariado, 2025/BT | ||
| 650 | 4 |
_aDiarios dominicanos _xSecciones, columnas, etc. _944 |
|
| 651 | 4 |
_aEstados Unidos _xRelaciones con República Dominicana _91927 |
|
| 710 | 2 |
_aUniversidad Autónoma de Santo Domingo _972951 |
|
| 730 | 0 |
_aEl Nacional (República Dominicana) _923260 |
|
| 830 |
_aPublicaciones de la Universidad Autónoma de Santo Domingo _v195 _pHistoria y sociedad _n23 _952 |
||
| 910 | _aValidado. Control de calidad EMS | ||
| 942 |
_2ddc _cLBS1 |
||
| 999 |
_c26122 _d26122 |
||